Statistics for Oprah's Book Club

Click here to take the quiz!

General Stats

  • This quiz has been taken 154 times
  • The average score is 11 of 70

Answer Stats

HintAnswer% Correct
Anna KareninaLeo Tolstoy
68%
The RoadCormac McCarthy
59%
2004One Hundred Years of SolitudeGabriel Garcia Marquez
53%
A Tale of Two CitiesCharles Dickens
49%
Great ExpectationsCharles Dickens
47%
2006NightElie Wiesel
47%
The Bluest EyeToni Morrison
44%
The Good EarthPearl S. Buck
42%
2005The Sound and the FuryWilliam Faulkner
41%
2003East of EdenJohn Steinbeck
37%
As I Lay DyingWilliam Faulkner
36%
Love in the Time of CholeraGabriel Garcia Marquez
36%
MiddlesexJeffrey Eugenides
36%
The CorrectionsJonathan Franzen
35%
The Poisonwood BibleBarbara Kingsolver
34%
The Heart is a Lonely HunterCarson McCullers
28%
A Million Little PiecesJames Frey
27%
Song of SolomonToni Morrison
26%
She's Come UndoneWally Lamb
23%
The Pillars of the EarthKen Follet
22%
I Know This Much Is TrueWally Lamb
20%
2001We Were the MulvaneysJoyce Carol Oates
19%
Cry, the Beloved CountryAlan Paton
18%
The ReaderBernhard Schlink
18%
Light in AugustWililam Faulkner
15%
SulaToni Morrison
14%
2010FreedomJonathan Franzen
13%
A Fine BalanceRohinton Mistry
12%
1996The Deep End of the OceanJacquelyn Mitchard
12%
Tara RoadMaeve Binchy
11%
The Pilot's WifeAnita Shreve
11%
Black and BlueAnna Quindlen
10%
The Book of RuthJane Hamilton
10%
House of Sand and FogAndre Dubus III
9%
MidwivesChris Bohjalian
9%
A Lesson Before DyingErnest J. Gaines
8%
A Map of the WorldJane Hamilton
8%
1998ParadiseToni Morrison
8%
1997Stones from the RiverUrsula Hegi
8%
Where the Heart IsBillie Letts
8%
White OleanderJanet Fitch
8%
1999JewelBret Lott
6%
Open HouseElizabeth Berg
6%
Daughter of FortuneIsabel Allende
5%
2002Fall on Your KneesAnn-Marie MacDonald
5%
Breath, Eyes, MemoryEdwidge Danticat
4%
Ellen FosterKaye Gibbons
4%
Icy SparksGwyn Hyman Rubio
4%
2007The Measure of a Man: A Spiritual AutobiographySir Sidney Poitier
4%
2008A New EarthEchhart Tolle
3%
A Virtuous WomanKaye Gibbons
3%
Drowning RuthChristina Schwarz
3%
2000Gap CreekRobert Morgan
3%
Here on EarthAlice Hoffman
3%
River, Cross My HeartBreena Clarke
3%
2009Say You're One of ThemUwem Akpan
3%
Songs in Ordinary TimeMary McGarry Morris
3%
The Best Way to PlayBill Cosby
3%
The Meanest Thing to SayBill Cosby
3%
The Rapture of CanaanSheri Reynolds
3%
Vinegar HillA. Manette Ansay
3%
While I Was GoneSue Miller
3%
Cane RiverLalita Tademy
2%
Mother of PearlMelinda Hayes
2%
Stolen Lives: Twenty Years in a Desert JailMalika Oufkir
2%
The Heart of a WomanMaya Angelou
2%
The Story of Edgar SawtelleDavid Wroblewski
2%
What Looks Like Crazy on an Ordinary DayPearl Cleage
2%
Back RoadsTawni O'Dell
1%
The Treasure HuntBill Cosby
1%

Score Distribution

Percentile by Number Answered

Percent of People with Each Score

Your Score History

You have not taken this quiz